000 01923nam a2200493 i 4500
001 15515
003 KOSZ 005
005 20200805122149.0
008 200418s1973 pl a f 000 0 pol
015 _aUWD 1973/5940
035 _a991033693099705066
035 _a(PL-WaBN)b19018009-48omnis_nlop
035 _ab19018009
035 _a(OCoLC)831183960
035 _a(PL)b0000001901800
035 _a(EXLNZ-48OMNIS_NETWORK)9910032446505606
040 _aWA N
_cWA N
_dKOSZ 005/RW
046 _k1973
080 _a621.385
100 1 _aKlamka, Jerzy Władysław
_d(1931- )
_eAutor
245 1 0 _aDiody mikrofalowe półprzewodnikowe /
_cJerzy Klamka.
260 _aWarszawa :
_bWydawnictwa Naukowo-Techniczne,
_c1973.
300 _a255, [1] stron :
_bilustracje ;
_c21 cm.
336 _aTekst
_btxt
_2rdacontent
337 _aBez urządzenia pośredniczacego
_bn
_2rdamedia
338 _aWolumin
_bnc
_2rdacarrier
380 _aKsiążki
380 _aPublikacje fachowe
380 _aPublikacje dydaktyczne
388 _a1901-2000
388 _a1945-1989
490 1 _aElektronika
504 _aBibliografia na stronach 244-[256].
521 8 _aKsiążka jest przeznaczona dla inżynierów elektroników stosujących omówione przyrządy w praktyce i dla tych, którzy chcą się zapoznać z budową i właściwościami nowoczesnych przyrządów półprzewodnikowych, jak również dla technologów i studentów specjalności elektronika.
650 7 _aDiody
_2DBN
650 7 _aFale ultrakrótkie
_2DBN
650 7 _aPółprzewodniki
_2DBN
658 _aInżynieria i technika
710 2 _aWydawnictwa Naukowo-Techniczne
_4pbl
856 _uhttp://koha.tu.koszalin.pl/cgi-bin/koha/opac-detail.pl?biblionumber=15515
_yKatalog online BPK
830 0 _aProblemy Współczesnej Nauki.
_pElektronika
942 _2UKD
_cKS
999 _c15515
_d15515